Every World cup team number 9 - Statistics

General Stats
  • This quiz has been taken 10 times
  • The average score is 8 of 31
Answer Stats
Country Answer % Correct
England Kane
100%
Uruguay Suarez
86%
Colombia Falcao
71%
Argentina Higuain
71%
Poland Lewandowski
71%
Belgium Lukaku
71%
France Giroud
57%
Spain Rodrigo
43%
Russia Dzagoev
29%
Brazil Jesus
29%
Japan Okazaki
29%
Portugal Silva
29%
Sweden Berg
14%
Senegal Diouf
14%
Peru Guerrero
14%
Nigeria Ighalo
14%
Denmark Jorgensen
14%
South Korea Kim
14%
Egypt Marwan
14%
Switzerland Seferovic
14%
Tunisia Badri
0%
Costa Rica Colindres
0%
Saudi Arabia Hatan
0%
Australia Juric
0%
Morocco Kaabi
0%
Croatia Kramaric
0%
Serbia Mitrovic
0%
Iran Omid
0%
Mexico Raul
0%
Iceland Sigurdason
0%
Panama Torres
0%
No matching quizzes found
Score Distribution
Percent of People with Each Score
Percentile by Number Answered
Your Score History
You have not taken this quiz